000 01017nas a2200337 4500
001 BR2014002969
003 BR-BrBNA
005 20231205124002.0
007 ta
008 230509b bl.|||p| |||| 00| 00por d
040 _aBR-BrBNA
_bpor
_cBiblioteca Nacional de Agricultura
041 _a(En)
072 _aL20
100 1 _aSilva, J.D.T.
100 1 _aGravena, R.A.
100 1 _aMarques, R.H.
100 1 _aSIlva, V.K.
100 1 _aHada, F.H.
100 1 _aMoraes, V.M.B. de
100 1 _aMalheiros, R.D.
245 1 _aPassionflower supplementation in diets of japanese qualis at rearing and laying periods
650 _aCODORNA
650 _aRAÇÃO
650 _aIMUNOLOGIA
650 _aSTRESS
650 _aCOMPORTAMENTO ANIMAL
773 0 _tRevista Brasileira de Zootecnia (Brazil)
_xISSN 1806-9290
_g(Jul 2010), v. 39(7) p. 1530-1537
_wBR2014002969
856 4 0 _uhttp://www.scielo.br/pdf/rbz/v39n7/a20v39n7.pdf
909 _a202311
_bLúcia
_c55
_dLúcia Elande
942 _2AGRIS
_n0
_cANA
999 _c236756
_d236756